000 01462pam a2200325 a 4500
001 6588
003 FISKH
005 20250513084427.0
008 940105s1995 nyua j 000 0 eng
010 _a 94000725
020 _a0590292579
020 _a9780439263290
040 _aDLC
_cDLC
_dDLC
_beng
050 _aLB1140.A62
082 _a372.216
100 1 _aAncona, George.
245 1 0 _aRicardo's day /
_cwritten and photographed by George Ancona.
260 _aNew York :
_bScholastic,
_c1995.
300 _a32 pages :
_bcolor illustrations ;
_c26 cm
505 _aJ
520 _aSpend a day at school with Ricardo, a little Hispanic boy who lives in El Paso, Texas. His mother drops him off in the morning on her way to work. And while Ricardo misses her when she is gone, there are plenty of fun things to do and learn in Mrs. Peña's classroom. He looks at bugs under a microscope, and feeds the class pet, a bunny named Tito. He dances the hokey-pokey with his friends and makes music with a set of maracas. There's recess and snack-time, and later on Ricardo finds a quiet place where he can sit and read until his grandfather comes to take him home.
521 8 _a480
_bLexile
521 8 _aJ
_bRaz-Plus
650 0 _aNursery schools
_xPictorial works
_xJuvenile literature.
650 1 _aPreschools.
650 1 _aSchools.
906 _a7
_bcbc
_corignew
_d1
_eocip
_f19
_gy-gencatlg
942 _2ddc
_cBK
_n0
999 _c6588
_d6588